[Event "2nd Yerevan Open"]
[Site "?"]
[Date "2017.09.26"]
[Round "8.49"]
[White "Nourimoghaddam , Shahrokh"]
[Black "Gaboyan , Susanna"]
[Result "1/2-1/2"]
[WhiteElo "1794"]
[BlackElo "2166"]
[PlyCount "95"]

1. d4 Nf6 2. Bf4 g6 3. Nc3 d5 4. Qd2 Bg7 5. Nf3 O-O 6. Bh6 c6 7. Ne5 Nbd7 8. f3
Nxe5 9. dxe5 Nd7 10. Bxg7 Kxg7 11. f4 f6 12. e4 fxe5 13. exd5 exf4 14. O-O-O
Nf6 15. Qxf4 Ng4 16. Qd4+ e5 17. dxe6+ Qxd4 18. Rxd4 Bxe6 19. Be2 Nh6 20. Bf3
Nf5 21. Re4 Rfe8 22. Rhe1 Bf7 23. g3 Rxe4 24. Rxe4 Rd8 25. Re1 h5 26. Rd1 Rxd1+
27. Nxd1 Kf6 28. a4 Ke5 29. Kd2 g5 30. a5 Nd4 31. Be2 Bg6 32. Ne3 g4 33. b4 Be4
34. c3 Nf3+ 35. Bxf3 Bxf3 36. Nc4+ Kd5 37. Ne3+ Ke4 38. Nc4 c5 39. b5 Kd5 40.
Ne3+ Ke6 41. Kd3 a6 42. b6 Bc6 43. c4 Ke5 44. Nf1 Be8 45. Ke3 Bg6 46. Nd2 Bc2
47. Nf1 Bf5 48. Nd2 1/2-1/2

[Event "2nd Yerevan Open"]
[Site "?"]
[Date "2017.09.26"]
[Round "8.50"]
[White "Sayadyan , Edvard"]
[Black "Grigoryan , Arpine"]
[Result "1/2-1/2"]
[WhiteElo "2011"]
[BlackElo "1865"]
[PlyCount "92"]

1. e4 e6 2. d4 d5 3. Nc3 Bb4 4. e5 c5 5. a3 Ba5 6. b4 cxd4 7. Qg4 Kf8 8. Nb5
Bb6 9. Nf3 Nc6 10. Bb2 Nge7 11. Nbxd4 Nxd4 12. Bxd4 Bxd4 13. Qxd4 Nc6 14. Qf4
Qc7 15. Bb5 Bd7 16. O-O Kg8 17. Bd3 f6 18. Rfe1 Rf8 19. Qe3 fxe5 20. b5 Nd4 21.
Nxe5 Nf5 22. Bxf5 exf5 23. Nxd7 Qxd7 24. Qxa7 h6 25. Qc5 Rc8 26. Qe7 Qxe7 27.
Rxe7 Rxc2 28. Rxb7 Kh7 29. Rd7 Ra8 30. g3 Rc5 31. Rb7 d4 32. Rd1 Rd5 33. Rd3
Ra5 34. b6 Rab5 35. Kg2 Rd6 36. Kf3 Rbxb6 37. Rxb6 Rxb6 38. Rxd4 Rb3+ 39. Kf4
Rxa3 40. Kxf5 Ra2 41. Rf4 g5 42. Rf3 Ra5+ 43. Ke4 Ra2 44. Kf5 Ra5+ 45. Ke6 Ra6+
46. Kf5 Ra5+ 1/2-1/2

[Event "2nd Yerevan Open"]
[Site "?"]
[Date "2017.09.26"]
[Round "8.51"]
[White "Nazemi , Pedram"]
[Black "Khachatryan , Veronika"]
[Result "0-1"]
[WhiteElo "1978"]
[BlackElo "1595"]
[PlyCount "100"]

1. e4 c5 2. Nf3 Nc6 3. d4 cxd4 4. Nxd4 g6 5. c4 Bg7 6. Be3 d6 7. Nc3 Nf6 8. Be2
Bd7 9. O-O O-O 10. Qd2 Nxd4 11. Bxd4 Bc6 12. Bd3 a5 13. Rae1 Nd7 14. Bxg7 Kxg7
15. Re3 h6 16. f4 Qb6 17. Kh1 Rad8 18. Rg3 Qc5 19. Qc2 e5 20. f5 Nf6 21. Qe2
Qb6 22. h4 h5 23. Qd2 Ng4 24. Rxg4 hxg4 25. f6+ Kh7 26. Rf5 Rg8 27. Qg5 Qd4 28.
Qxg4 Rh8 29. Rh5+ Kg8 30. Rxh8+ Kxh8 31. Qh3 Qf2 32. h5 Bd7 33. g4 Qxf6 34.
hxg6+ Kg7 35. Qh7+ Kf8 36. Qh6+ Qg7 37. Qh4 Re8 38. Nd5 fxg6 39. Nf6 Re7 40. g5
Rf7 41. Kg1 Ke7 42. Nd5+ Kd8 43. Qe1 Be6 44. Qxa5+ Kc8 45. Qa8+ Kd7 46. Nb6+
Kc7 47. Qa5 Kb8 48. c5 dxc5 49. Qxc5 Rf4 50. Qd6+ Qc7 {...} 0-1

[Event "2nd Yerevan Open"]
[Site "?"]
[Date "2017.09.26"]
[Round "8.52"]
[White "	Khachatrian , Arbi"]
[Black "Hakobyan , Norayr"]
[Result "1-0"]
[WhiteElo "1889"]
[BlackElo "1727"]
[PlyCount "106"]

1. d4 Nf6 2. c4 c5 3. d5 b5 4. cxb5 a6 5. bxa6 Bxa6 6. Nc3 d6 7. Nf3 g6 8. Nd2
Bg7 9. e4 Bxf1 10. Nxf1 O-O 11. Ne3 Nbd7 12. O-O Qa5 13. Bd2 Rfb8 14. Rb1 Ne8
15. Qc2 Nc7 16. b3 Nb5 17. Nxb5 Qxb5 18. a4 Qa6 19. Nc4 Bd4 20. h3 Ne5 21. Na5
Qe2 22. Rbe1 Qa6 23. Kh2 Nd3 24. Rb1 Be5+ 25. g3 Bf6 26. Nc6 Rb7 27. f4 Nb4 28.
Bxb4 cxb4 29. e5 Bg7 30. Qe4 Qb6 31. Rbc1 h6 32. h4 Rf8 33. Rc4 Qa6 34. Re1
dxe5 35. fxe5 Qb6 36. Kg2 Qc7 37. Rxb4 Rxb4 38. Qxb4 Re8 39. a5 Qd7 40. Qc4 Rc8
41. Nxe7+ Qxe7 42. Qxc8+ Kh7 43. d6 Qa7 44. d7 Qxa5 45. d8=Q Qxd8 46. Qxd8 h5
47. b4 Bh6 48. b5 g5 49. b6 gxh4 50. b7 hxg3 51. b8=Q Bg7 52. e6 fxe6 53. Rxe6
Bf8 1-0

[Event "2nd Yerevan Open"]
[Site "?"]
[Date "2017.09.26"]
[Round "8.53"]
[White "Gevorgyan , Anahit"]
[Black "Manukyan , Levon"]
[Result "0-1"]
[WhiteElo "1723"]
[BlackElo "1871"]
[PlyCount "76"]

1. e4 e6 2. f4 d5 3. e5 c5 4. Nf3 Nc6 5. g3 Nh6 6. Bh3 Be7 7. d3 Nf5 8. c3 d4
9. c4 b6 10. Qe2 Bb7 11. Bxf5 exf5 12. O-O Qd7 13. Na3 a6 14. Bd2 Nd8 15. Rab1
Ne6 16. h4 h6 17. h5 g6 18. hxg6 fxg6 19. Kf2 g5 20. fxg5 hxg5 21. Rh1 Rxh1 22.
Rxh1 g4 23. Rh8+ Kf7 24. Rh7+ Kg8 25. Rxe7 Qxe7 26. Nh4 Qh7 27. Nc2 Qh5 28. Ng2
Qh2 29. Nce1 Rf8 30. Kf1 Qh1+ 31. Kf2 Kh7 32. Bf4 Qh2 33. Kf1 Kg7 34. Qd2 Rh8
35. Nh4 Rxh4 36. gxh4 Qxf4+ 37. Qxf4 Nxf4 38. Kf2 Kf7 0-1

[Event "2nd Yerevan Open"]
[Site "?"]
[Date "2017.09.26"]
[Round "8.54"]
[White "Chaqryan , Erik"]
[Black "Dilanyan , Grigor"]
[Result "0-1"]
[WhiteElo "1821"]
[BlackElo "2282"]
[PlyCount "66"]

1. d4 Nf6 2. c4 e6 3. Nc3 d5 4. cxd5 exd5 5. Bg5 c6 6. Qc2 Be7 7. e3 O-O 8. Bd3
Nbd7 9. Nf3 Re8 10. O-O Nf8 11. Rab1 a5 12. a3 g6 13. b4 axb4 14. axb4 Ne6 15.
Bh4 Ng7 16. b5 Bf5 17. bxc6 bxc6 18. Ne5 Rc8 19. Rb7 Qd6 20. Bg3 Qe6 21. Rfb1
Bxd3 22. Qxd3 Nf5 23. Qa6 Nxg3 24. hxg3 Qf5 25. Qd3 Qh5 26. Ra7 c5 27. Rbb7
cxd4 28. exd4 Bd6 29. Rxf7 Bxe5 30. dxe5 Rxc3 31. Qxc3 Qd1+ 32. Kh2 Ng4+ 33.
Kh3 Nxf2+ 0-1

[Event "2nd Yerevan Open"]
[Site "?"]
[Date "2017.09.26"]
[Round "8.55"]
[White "Davtyan , David Arm."]
[Black "Piliposyan , Robert"]
[Result "1/2-1/2"]
[WhiteElo "2096"]
[BlackElo "1773"]
[PlyCount "89"]

1. b3 e5 2. Bb2 Nc6 3. e3 Nf6 4. Bb5 d6 5. d4 exd4 6. exd4 a6 7. Bd3 d5 8. h3
Bd6 9. Nf3 O-O 10. O-O Nb4 11. c4 Nxd3 12. Qxd3 c6 13. Nbd2 g6 14. Ne5 Bf5 15.
Qe3 Ne4 16. cxd5 Nxd2 17. Qxd2 cxd5 18. g4 Bd7 19. f4 f6 20. Qg2 Be6 21. Nd3
Re8 22. Nc5 Bxc5 23. dxc5 d4 24. Rad1 Bd5 25. Qh2 Qe7 26. Rxd4 Rad8 27. Qd2
Qxc5 28. b4 Qb5 29. a4 Qb6 30. Rf2 Qe6 31. Kh2 Rd7 32. g5 Qf5 33. gxf6 Be6 34.
Rf3 Rc8 35. Bc3 Rcd8 36. f7+ Kxf7 37. Rxd7+ Rxd7 38. Qe2 Bd5 39. Rf2 Be6 40.
Rf3 Bd5 41. Rf2 Be6 42. Rf3 b5 43. axb5 axb5 44. Qe5 Qxe5 45. Bxe5 1/2-1/2

[Event "2nd Yerevan Open"]
[Site "?"]
[Date "2017.09.26"]
[Round "8.57"]
[White "Mesropian , Khachatur"]
[Black "Barseghyan , Narek"]
[Result "0-1"]
[WhiteElo "1974"]
[BlackElo "1733"]
[PlyCount "96"]

1. d4 f5 2. g3 Nf6 3. Bg2 e6 4. c4 d5 5. b3 Bb4+ 6. Bd2 Be7 7. Bc3 O-O 8. f3 c5
9. e3 Nc6 10. Ne2 a6 11. O-O b5 12. cxb5 axb5 13. dxc5 Bxc5 14. Nd4 Qb6 15. Kh1
b4 16. Bb2 Ne7 17. f4 Nc6 18. h3 Ne4 19. Bxe4 fxe4 20. Kh2 Bxd4 21. Bxd4 Nxd4
22. Qxd4 Qxd4 23. exd4 Ba6 24. Rc1 Rfc8 25. Nd2 Bd3 26. Rc5 Rxc5 27. dxc5 Ra5
28. a4 Rxc5 29. Kg1 Rc2 30. Nf1 Rb2 31. a5 Ba6 32. f5 Kf7 33. Rc1 Bxf1 34. Kxf1
Rxb3 35. Rc7+ Kf6 36. fxe6 Kxe6 37. Rxg7 Ra3 38. Rxh7 Rxa5 39. Rb7 Ra3 40. Kf2
Rf3+ 41. Kg2 b3 42. h4 Rc3 43. h5 Rc2+ 44. Kh3 b2 45. h6 Rc1 46. Kg2 b1=Q 47.
h7 Rc2+ 48. Kh3 Qf1+ 0-1

[Event "2nd Yerevan Open"]
[Site "?"]
[Date "2017.09.26"]
[Round "8.58"]
[White "Rezanezhad , Hassan"]
[Black "Brutyan , Hamlet"]
[Result "1-0"]
[WhiteElo "1959"]
[BlackElo "1704"]
[PlyCount "97"]

1. e4 c6 2. d4 d5 3. Nc3 dxe4 4. Nxe4 Nd7 5. Bc4 Ngf6 6. Ng5 e6 7. N5f3 Bd6 8.
Ne2 Qc7 9. Nc3 O-O 10. Bg5 b5 11. Bd3 Bb7 12. Qe2 a5 13. O-O Rac8 14. Rfe1 h6
15. Bxf6 Nxf6 16. Ne4 Nd5 17. Nxd6 Qxd6 18. Qd2 b4 19. c4 bxc3 20. bxc3 c5 21.
Bb5 Rfd8 22. Rad1 Nf6 23. Ne5 Qd5 24. Bf1 Ne4 25. Qb2 Ng5 26. h4 Nh3+ 27. Kh2
Nf4 28. c4 Qd6 29. Qxb7 cxd4 30. g3 Nh5 31. Nd3 Qa3 32. Qb3 Qd6 33. c5 Qc7 34.
Qc4 Rd5 35. Bg2 Rf5 36. Qxd4 Rd8 37. Qe3 Nf6 38. Bh3 Nd5 39. Qc1 Rf6 40. Re2
Rb8 41. Bg2 Ne7 42. Ne5 Nf5 43. Rd7 Qc8 44. c6 Qa6 45. c7 Rc8 46. Rb2 Kh7 47.
Bb7 Qa7 48. Bxc8 Nxh4 49. Qe3 1-0

[Event "2nd Yerevan Open"]
[Site "?"]
[Date "2017.09.26"]
[Round "8.59"]
[White "Antonyan , Samvel"]
[Black "Khachatryan , Hayk"]
[Result "1-0"]
[WhiteElo "1648"]
[BlackElo "1957"]
[PlyCount "67"]

1. e4 g6 2. d4 Bg7 3. Nf3 d6 4. Nc3 Nc6 5. Be2 Bg4 6. Be3 e5 7. dxe5 dxe5 8.
Qxd8+ Rxd8 9. Nd5 Rd7 10. O-O-O f5 11. h3 Bxf3 12. Bxf3 Nd4 13. Bxd4 exd4 14.
exf5 c6 15. Rhe1+ Kd8 16. Nf4 Bh6 17. Re4 c5 18. Kb1 gxf5 19. Ne6+ Ke7 20. Re5
Kf6 21. Nxc5 Rc7 22. Nd3 Ne7 23. Rde1 Nc6 24. Re6+ Kg7 25. Bxc6 bxc6 26. Re7+
Rxe7 27. Rxe7+ Kf6 28. Rxa7 Rg8 29. g3 f4 30. Rxh7 fxg3 31. Rxh6+ Kg7 32. Re6
g2 33. Re1 Kf6 34. Rg1 1-0

[Event "2nd Yerevan Open"]
[Site "?"]
[Date "2017.09.26"]
[Round "8.60"]
[White "Mkrtumyan, Robert"]
[Black "Khachatryan , David S."]
[Result "1-0"]
[WhiteElo "1642"]
[BlackElo "1916"]
[PlyCount "53"]

1. e4 c5 2. c3 d5 3. exd5 Qxd5 4. Nf3 Bg4 5. Be2 Nc6 6. h3 Bh5 7. O-O O-O-O 8.
d4 cxd4 9. Nxd4 Bxe2 10. Qxe2 Nxd4 11. cxd4 e6 12. Nc3 Qf5 13. Nb5 Kb8 14. g3
g5 15. Qe5+ Qxe5 16. dxe5 Rd5 17. Nc3 Rxe5 18. f4 Ra5 19. fxg5 h6 20. Rxf7 Bc5+
21. Kg2 hxg5 22. Bxg5 Bd6 23. Ne4 Be5 24. Rf8+ Kc7 25. Rc1+ Kb6 26. Bd8+ Ka6
27. Bxa5 1-0

[Event "2nd Yerevan Open"]
[Site "?"]
[Date "2017.09.26"]
[Round "8.61"]
[White "Tavakalyan, Azat"]
[Black "Ohanyan , Emin"]
[Result "1/2-1/2"]
[WhiteElo "1867"]
[BlackElo "1672"]
[PlyCount "130"]

1. e4 c5 2. Nf3 d6 3. d4 cxd4 4. Nxd4 Nf6 5. Nc3 a6 6. Bg5 Nbd7 7. Qd2 h6 8.
Bh4 Nc5 9. f3 e5 10. Nb3 Be6 11. O-O-O Qc7 12. Kb1 Rd8 13. Bxf6 gxf6 14. Nd5
Bxd5 15. Qxd5 b5 16. g3 Be7 17. Bh3 a5 18. Nd2 Qb7 19. Qxb7 Nxb7 20. Bf1 b4 21.
Bb5+ Kf8 22. Nc4 Kg7 23. Ne3 Kg6 24. Nf5 Bf8 25. Rd5 Nc5 26. Rhd1 Ne6 27. Ba4
Ra8 28. Nxd6 Bxd6 29. Rxd6 Rhd8 30. Rxd8 Rxd8 31. Rxd8 Nxd8 32. Bd7 Kg7 33. a3
Kf8 34. c3 bxc3 35. bxc3 Ke7 36. Bc8 Kd6 37. Kc2 Kc7 38. Ba6 Ne6 39. h4 Ng7 40.
Bc4 Nh5 41. g4 Nf4 42. Kd2 Ng2 43. h5 Kd6 44. Bxf7 Kc5 45. Bb3 Kb5 46. Bf7 Kc5
47. Kd3 Nf4+ 48. Kc2 Ng2 49. Kb3 Ne1 50. Ka4 Kb6 51. c4 Nd3 52. Kb3 Kc5 53. Bd5
Kb6 54. Bg8 Kc5 55. Bf7 Kb6 56. Be8 Kc5 57. Ba4 Kb6 58. Kc3 Nf4 59. Bc2 Ng2 60.
Kd2 Nf4 61. Bd1 Kc5 62. Kc3 Ne6 63. Kb3 Kb6 64. Kc3 Kc5 65. Bb3 Nf4 1/2-1/2

[Event "2nd Yerevan Open"]
[Site "?"]
[Date "2017.09.26"]
[Round "8.62"]
[White "Petrosyan , Sahak"]
[Black "Asghari , Mitra"]
[Result "1-0"]
[WhiteElo "1824"]
[BlackElo "1673"]
[PlyCount "103"]

1. e4 g6 2. d4 Bg7 3. Nc3 c5 4. Be3 Nc6 5. Nf3 cxd4 6. Nxd4 d6 7. Be2 Nf6 8.
O-O O-O 9. Kh1 Bg4 10. f3 Bd7 11. Nb3 Qc8 12. Bg5 h6 13. Bh4 a6 14. Nd5 g5 15.
Nb6 Qd8 16. Bf2 Rb8 17. a4 Be8 18. a5 Nd7 19. c3 Nxa5 20. Nxd7 Nxb3 21. Nxb8
Nxa1 22. Nxa6 bxa6 23. Bxa6 Qa5 24. Qxa1 Qxa1 25. Rxa1 Bc6 26. Bd3 Ra8 27.
Rxa8+ Bxa8 28. Bd4 Bxd4 29. cxd4 Kf8 30. Kg1 Ke8 31. g3 Kd8 32. Kf2 f6 33. Ke3
e5 34. f4 Bb7 35. fxg5 fxg5 36. Bc4 Kc7 37. Be6 Kd8 38. dxe5 dxe5 39. Kd3 Ke7
40. Bd5 Ba6+ 41. Bc4 Bb7 42. Bd5 Ba6+ 43. Kc3 Kd6 44. Kb4 Bd3 45. Ka5 Kc5 46.
b4+ Kd4 47. b5 Bxb5 48. Kxb5 Ke3 49. Kc5 Kf2 50. Kd6 Kg2 51. Kxe5 Kxh2 52. g4
1-0

[Event "2nd Yerevan Open"]
[Site "?"]
[Date "2017.09.26"]
[Round "8.63"]
[White "Rezanezhad , Mojtaba"]
[Black "Piliposyan , Gor"]
[Result "1/2-1/2"]
[WhiteElo "1822"]
[BlackElo "1464"]
[PlyCount "88"]

1. d4 Nf6 2. Nf3 e6 3. e3 b6 4. b3 Bb7 5. Bb2 Be7 6. Bd3 O-O 7. Nbd2 d6 8. O-O
Nbd7 9. Qe2 c5 10. a3 d5 11. c4 Rc8 12. Rac1 a6 13. Ne5 cxd4 14. exd4 Nxe5 15.
dxe5 Nd7 16. cxd5 Bxd5 17. Bxa6 Rxc1 18. Rxc1 Nc5 19. Bc4 Bxc4 20. Rxc4 Qd3 21.
Qxd3 Nxd3 22. Bd4 Bxa3 23. Bxb6 Nxe5 24. Ra4 Bc1 25. Nc4 Nd7 26. Ra1 Bg5 27.
Bc7 h6 28. f4 Bf6 29. Rd1 Nc5 30. b4 Rc8 31. Be5 Bxe5 32. Nxe5 Ne4 33. Rb1 Nc3
34. Rb3 Nb5 35. Kf2 Kf8 36. Nd7+ Ke7 37. Nc5 Rb8 38. Ke3 Nd6 39. Kd3 Rd8 40.
Kc3 Nb5+ 41. Kc4 Nd6+ 42. Kc3 Nb5+ 43. Kc4 Nd6+ 44. Kc3 Nb5+ 1/2-1/2

[Event "2nd Yerevan Open"]
[Site "?"]
[Date "2017.09.26"]
[Round "8.64"]
[White "Mitoyan,  Zhores"]
[Black "Arakelyan , Nare"]
[Result "0-1"]
[WhiteElo "1440"]
[BlackElo "1772"]
[PlyCount "92"]

1. d4 Nf6 2. Nf3 g6 3. g3 Bg7 4. Bg2 O-O 5. O-O d6 6. c4 Nbd7 7. Nc3 e5 8. e4
exd4 9. Nxd4 Nc5 10. Bg5 h6 11. Bxf6 Qxf6 12. Ndb5 c6 13. Na3 Re8 14. Rc1 a5
15. Nc2 Bd7 16. Ne3 Rad8 17. Qd2 h5 18. Rfd1 Be6 19. Qe2 Bh6 20. f4 Bc8 21. Rf1
Kh7 22. Rcd1 Qe7 23. Kh1 f5 24. Qc2 fxe4 25. a3 Bf5 26. Ne2 Bg7 27. Nc1 a4 28.
Qe2 Qe6 29. Na2 Nd3 30. Nxf5 Qxf5 31. Bxe4 Qxe4+ 32. Qxe4 Rxe4 33. Rxd3 Rxc4
34. b3 axb3 35. Rxb3 Rc2 36. Nb4 Rd2 37. Rbf3 c5 38. Nd3 c4 39. Nb4 c3 40. Rc1
Re8 41. Rd3 Ree2 42. Rd1 Rxh2+ 43. Kg1 c2 44. Re1 Rxd3 45. Nxd3 Rd2 46. Nc1 Bb2
0-1

[Event "2nd Yerevan Open"]
[Site "?"]
[Date "2017.09.26"]
[Round "8.65"]
[White "Petrosyants , Argishti"]
[Black "Avagyan , Gor V."]
[Result "1/2-1/2"]
[WhiteElo "1667"]
[BlackElo "1477"]
[PlyCount "76"]

1. d4 d5 2. Nf3 Nf6 3. c4 e6 4. Nc3 c6 5. Bg5 Be7 6. e3 Nbd7 7. Bd3 dxc4 8.
Bxc4 Nd5 9. Bxe7 Qxe7 10. O-O Nxc3 11. bxc3 O-O 12. e4 e5 13. Re1 Kh8 14. Qc2
exd4 15. cxd4 c5 16. Rad1 cxd4 17. Nxd4 Ne5 18. Bd5 Be6 19. f4 Ng6 20. g3 Bxd5
21. exd5 Qd7 22. Nf3 Rac8 23. Qd3 f6 24. d6 Rfe8 25. Qd4 a6 26. Rxe8+ Rxe8 27.
Qb6 h6 28. Qc7 Rd8 29. Qxd7 Rxd7 30. Rd3 Kg8 31. Nd2 Nh8 32. Ne4 Nf7 33. f5 Kf8
34. Kf2 b6 35. Ke2 Ke8 36. Ra3 Nxd6 37. Nxd6+ Rxd6 38. Rxa6 Ke7 1/2-1/2

[Event "2nd Yerevan Open"]
[Site "?"]
[Date "2017.09.26"]
[Round "8.66"]
[White "Adamyan , Mane"]
[Black "Hovyan , Nikolay"]
[Result "1-0"]
[WhiteElo "1636"]
[BlackElo "1414"]
[PlyCount "81"]

1. d4 Nf6 2. c4 e6 3. Nc3 Bb4 4. e3 O-O 5. Nge2 b6 6. a3 Bxc3+ 7. Nxc3 Bb7 8.
Bd3 d6 9. e4 Nbd7 10. O-O e5 11. d5 a5 12. Be3 Ne8 13. Qd2 Nc5 14. Bc2 Bc8 15.
b4 Na6 16. Bg5 f6 17. Be3 g6 18. Bh6 Ng7 19. f4 Bd7 20. Rab1 exf4 21. Bxf4 g5
22. Be3 h6 23. Bd4 Nh5 24. g3 Nb8 25. Qd3 Bh3 26. Rf2 Nd7 27. e5 f5 28. e6 Ne5
29. Bxe5 dxe5 30. Qe2 Qf6 31. Qxh5 Bg4 32. Qxg4 fxg4 33. Rxf6 Rxf6 34. Nb5 axb4
35. axb4 Ra2 36. Nxc7 Rxc2 37. e7 Rf8 38. exf8=Q+ Kxf8 39. Ne6+ Ke7 40. c5 Rd2
41. c6 1-0

[Event "2nd Yerevan Open"]
[Site "?"]
[Date "2017.09.26"]
[Round "8.67"]
[White "Alikhanyan , Artak"]
[Black "Mashalov. , Aliniyaz	"]
[Result "0-1"]
[WhiteElo "1421"]
[BlackElo "1636"]
[PlyCount "84"]

1. d4 Nf6 2. Nf3 e6 3. g3 b6 4. Bg2 c5 5. O-O Bb7 6. c3 Be7 7. Bf4 O-O 8. Nbd2
Nh5 9. Be3 f5 10. dxc5 bxc5 11. Nb3 d6 12. Qd2 h6 13. Rfd1 e5 14. Qc2 Be4 15.
Qc1 Qc7 16. c4 a5 17. a4 Qb7 18. Qc3 Nc6 19. Ne1 Bxg2 20. Nxg2 Rfb8 21. Ra3 Nf6
22. Nh4 Ne4 23. Qc1 Bxh4 24. gxh4 f4 25. Bd2 Nd4 26. Nxd4 cxd4 27. f3 Nc5 28.
Ra2 Qb3 29. Qa1 Qxc4 30. Re1 Nb3 31. Qd1 Nxd2 32. b3 Nxb3 33. Rc2 Qxa4 34. Rc7
Nc5 35. Qd2 Qb4 36. Qc1 a4 37. Rf1 a3 38. Qc2 d3 39. Qa2+ Qb3 40. Qd2 a2 41.
exd3 a1=Q 42. Qg2 Ne6 0-1

[Event "2nd Yerevan Open"]
[Site "?"]
[Date "2017.09.26"]
[Round "8.68"]
[White "Yedigaryan , Asya"]
[Black "Kocharyan , Hayk"]
[Result "1/2-1/2"]
[WhiteElo "1499"]
[BlackElo "1737"]
[PlyCount "71"]

1. e4 c5 2. Nf3 a6 3. d4 cxd4 4. Nxd4 Nf6 5. Nc3 e5 6. Nf3 Bb4 7. Bd3 Bxc3+ 8.
bxc3 d6 9. h3 O-O 10. O-O Nbd7 11. Ba3 Qc7 12. Re1 Nc5 13. Qd2 Rd8 14. c4 h6
15. Rab1 Nh5 16. Qe3 Nf4 17. Nxe5 dxe5 18. Bxc5 Re8 19. Bb6 Qc6 20. Kh2 Be6 21.
Qc5 Rac8 22. Qxc6 Rxc6 23. Be3 Bxc4 24. Bxf4 exf4 25. Rxb7 Bxa2 26. Rb4 Rec8
27. Ra1 Bc4 28. Bxc4 Rxc4 29. Rxc4 Rxc4 30. Rxa6 Rxc2 31. f3 Rc1 32. h4 h5 33.
Rd6 Rc2 34. Ra6 Re2 35. Kh3 Re3 36. Kh2 1/2-1/2

[Event "2nd Yerevan Open"]
[Site "?"]
[Date "2017.09.26"]
[Round "8.70"]
[White "Grigoryan , Aram"]
[Black "Qaloyan , Ishkhan"]
[Result "1-0"]
[WhiteElo "1673"]
[BlackElo "1317"]
[PlyCount "59"]

1. d4 Nf6 2. c4 e6 3. Nf3 d5 4. Bg5 Nbd7 5. e3 c6 6. Nc3 Qa5 7. Nd2 Bb4 8. Qc2
dxc4 9. Bxf6 Nxf6 10. Nxc4 Qd5 11. a3 Bxc3+ 12. bxc3 O-O 13. f3 Rd8 14. Ne5 Nd7
15. Bc4 Qa5 16. f4 c5 17. O-O Nb6 18. Bd3 g6 19. Rf3 Nd5 20. Qf2 Qxc3 21. Rf1
f5 22. Qh4 Rf8 23. Qh6 Rf7 24. Nxf7 Kxf7 25. Qxh7+ Kf6 26. Rg3 Ne7 27. Qh8+ Kf7
28. Rh3 Ng8 29. Rh7+ Kf8 30. Qg7+ 1-0